Mámorban a MOL Aréna: gólparádé a Slovan ellen

Bibliographic Details
Main Author: Bőd, Titanilla, 1983- (Author)
Format: Article
Language:Hungarian
PhysicalDescription:Fotografie
ISSN:1335-7050
Subjects:

MARC

LEADER 00000nab a2200000 4500
001 vtls011884458
003 SK-MaSNL
005 20260318122321.0
008 190902|20190902xo |||| || ||00 0|hun
015 |a SNBRB2019/09 
038 |a DSZK 
040 |a DSZK  |b slo  |c DSZK  |e rda 
041 |a hun 
043 |a e-xo--- 
044 |a xo  |c SK 
072 7 |a 796  |x Šport. Hry. Telesné cvičenia  |2 konspekt 
080 |a 796.332.093.42  |x (437.6)  |2 2011 
100 1 |a Bőd, Titanilla,  |d 1983-  |4 aut  |9 118485 
245 1 0 |a Mámorban a MOL Aréna: gólparádé a Slovan ellen  |c Bőd Titanilla 
300 |b Fotografie 
336 |a text  |b txt  |2 rdacontent 
337 |a bez média  |b n  |2 rdamedia 
338 |a zväzok  |b nc  |2 rdacarrier 
610 2 7 |a FK DAC 1904 Dunajská Streda  |2 SNKKA  |9 117991 
610 2 7 |a ŠK Slovan Bratislava (Slovensko : futbalový klub)  |2 SNKKA  |9 176904 
650 0 7 |a futbalové zápasy  |2 SNKPH  |9 71116 
650 0 7 |a Fortuna liga  |y sezóna 2019/2020  |2 dszk  |9 1107674 
651 7 |a Dunajská Streda (Slovensko)  |2 SNKPHgeo  |9 17375 
651 7 |a Bratislava (Slovensko)  |2 SNKPHgeo  |9 14568 
773 0 |t Új szó  |g Évf. 72, sz. 203 (2019.9.2), o. 14  |x 1335-7050 
958 |a SK 
958 |a HU 
958 |a RG 
999 |c 3203077  |d 3205007